Cancionero de romances : (Record no. 39577)

MARC details
000 -LEADER
campo de control de longitud fija 00848nam a2200229 i 4500
001 - NÚMERO DE CONTROL
campo de control 39577
003 - IDENTIFICADOR DE NÚMERO DE CONTROL
campo de control ES-MaACL
005 - FECHA Y HORA DE LA ÚLTIMA TRANSACCIÓN
campo de control 20251206063028.0
007 - CAMPO FIJO DE DESCRIPCIÓN FÍSICA--INFORMACIÓN GENERAL
campo de control de longitud fija t|
008 - DATOS DE LONGITUD FIJA--INFORMACIÓN GENERAL
campo de control de longitud fija 030303s1967 sp ||||1| spa d
080 ## - NÚMERO DE LA CLASIFICACIÓN DECIMAL UNIVERSAL
Número de la Clasificación Decimal Universal 821.134.2-14"15"
100 1# - ENTRADA PRINCIPAL--NOMBRE DE PERSONA
Nombre de persona Sepúlveda, Lorenzo de,
Fechas asociadas al nombre fl. 1551
9 (RLIN) 174014
245 10 - MENCIÓN DEL TÍTULO
Título Cancionero de romances :
Resto del título (Sevilla, 1584) /
Mención de responsabilidad, etc. Lorenzo de Sepúlveda ; edición, estudio, bibliografía e índices por Antonio Rodríguez-Moñino.
260 ## - PUBLICACIÓN, DISTRIBUCIÓN, ETC.
Lugar de publicación, distribución, etc. Madrid :
Nombre del editor, distribuidor, etc. Castalia,
Fecha de publicación, distribución, etc. 1967.
300 ## - DESCRIPCIÓN FÍSICA
Extensión 341 p. ;
Dimensiones 24 cm.
490 1# - MENCIÓN DE SERIE
Mención de serie Colección de romanceros de los siglos de oro ;
Designación de volumen o secuencia 3
700 1# - ENTRADA AGREGADA--NOMBRE PERSONAL
Nombre de persona Rodríguez-Moñino, Antonio.
9 (RLIN) 98681
830 1# - PUNTO DE ACCESO ADICIONAL DE SERIE-TÍTULO UNIFORME
Título uniforme Colección de romanceros de los siglos de oro ;
Designación de volumen o secuencia 3
9 (RLIN) 181806
852 4# - LOCALIZACIÓN
Ubicación ES-MaACL
Número de control de estantería E-8316
852 4# - LOCALIZACIÓN
Ubicación ES-MaACL
Número de control de estantería P-1417-3
Nota libre - Enc. tela verde
Holdings
Estatus retirado Estado de pérdida Estado de daño No para préstamo Biblioteca de origen Biblioteca actual Ubicación en estantería Fecha de adquisición Fuente de adquisición Total de préstamos Signatura topográfica completa Código de barras Visto por última vez Precio de reemplazo Tipo de ítem Koha
        Biblioteca del Ateneo de Madrid Biblioteca del Ateneo de Madrid Depósito 2 26/05/2022     P-1417-3 1202999 23/02/2023 23/02/2023 Libro impreso
        Biblioteca del Ateneo de Madrid Biblioteca del Ateneo de Madrid Depósito 2 17/01/2008     E-8316 1041678 23/02/2023 23/02/2023 Libro impreso